000 00360nam a2200145Ia 4500
008 240624s9999 xx 000 0 und d
041 _aeng
082 _a658.408 HEL
100 _aHELDMAN KIM
245 _aPROJECT MANAGEMENT JUMPSTART THE FIRST S
250 _a(4th ed.)
260 _c2018
_aCanada
_bSybex
300 _axv, 352 p.; 23 cm.
365 _c
_b35
999 _c31704
_d31704